[Event "EU-ch Blitz"]
[Site "Zagreb"]
[Date "2023.12.16"]
[Round "9"]
[White "Asllani, Muhamet"]
[Black "Sebenik, Matej"]
[Result "0-1"]
[WhiteElo "2202"]
[BlackElo "2534"]
[PlyCount "254"]
[EventDate "2023.12.16"]
[EventType "swiss (blitz)"]
[EventRounds "13"]
[EventCountry "CRO"]
[SourceTitle "CB51_2023"]
[SourceDate "2023.12.20"]
[SourceVersion "1"]
[SourceVersionDate "2023.12.20"]
[SourceQuality "1"]

1. d4 d5 2. c4 e6 3. Nc3 Nf6 4. Bf4 c5 5. e3 cxd4 6. exd4 dxc4 7. Bxc4 Nc6 8. Nf3 Bd6 9. Bg5 h6 10. Bh4 0-0 11. 0-0 Be7 12. Re1 Nh5 13. Bxe7 Nxe7 14. Ne5 Nf6 15. Rc1 Bd7 16. a3 Rc8 17. Ba2 Bc6 18. Qd3 Ned5 19. Bb1 Re8 20. Ne2 Qb6 21. Nc4 Qd8 22. Ne5 Rc7 23. f3 Ba4 24. Ng3 Rxc1 25. Rxc1 Qb6 26. b4 Bb5 27. Qd2 Rd8 28. h4 Ne7 29. Rc5 Nc6 30. Nxc6 Bxc6 31. Ne2 Bd5 32. Nf4 Qd6 33. Qe3 Bc6 34. Ne2 b6 35. Rc1 Bb5 36. Nc3 Ba6 37. Rd1 Bb7 38. Qe5 Qd7 39. Ne2 Qa4 40. Rd3 Ba6 41. Rd2 Bxe2 42. Qxe2 Qxa3 43. Qf2 Qa1 44. Rd1 Qc3 45. Kh2 Qc7+ 46. Kg1 Nd5 47. Re1 Qc3 48. Kh2 Qxb4 49. Be4 Nf6 50. Bb7 Qxd4 51. Qg3 Qd6 52. f4 Nh5 53. Qb3 Qxf4+ 54. Kg1 Qd4+ 55. Kf1 Qd3+ 56. Qxd3 Rxd3 57. Rc1 Rd8 58. Rc7 Nf6 59. Bf3 a5 60. Rb7 Rd6 61. g4 g5 62. hxg5 hxg5 63. Ke2 Kg7 64. Ke3 Nd5+ 65. Kd4 Nf4+ 66. Ke5 Rd3 67. Bc6 Re3+ 68. Kd4 Rg3 69. Be8 Rxg4 70. Rxf7+ Kg8 71. Rb7 Ng6+ 72. Ke3 Ne5 73. Re7 Rf4 74. Rxe6 Nc4+ 75. Kd3 Kf8 76. Bb5 Na3 77. Bd7 b5 78. Re5 g4 79. Rg5 Ke7 80. Bxg4 Kf6 81. Rg8 b4 82. Bd1 Nb5 83. Rf8+ Ke5 84. Re8+ Kd6 85. Ba4 Nc3 86. Bb3 Kc7 87. Re7+ Kb6 88. Re6+ Kb7 89. Re7+ Kc6 90. Re6+ Kd7 91. Ra6 Rf3+ 92. Kd2 Ne4+ 93. Kc2 Nc5 94. Ra7+ Kc6 95. Bg8 Rc3+ 96. Kb2 Nd3+ 97. Ka2 Kb6 98. Ra8 Nc5 99. Rb8+ Ka7 100. Rf8 a4 101. Rf4 Rc2+ 102. Kb1 b3 103. Rxa4+ Nxa4 104. Bxb3 Rh2 105. Bxa4 Kb6 106. Be8 Kc5 107. Bf7 Kd4 108. Ka1 Kc3 109. Be6 Rh6 110. Bf7 Ra6+ 111. Kb1 Ra7 112. Be6 Rb7+ 113. Ka1 Kc2 114. Bf5+ Kc1 115. Ka2 Rb5 116. Bd3 Rd5 117. Be4 Rd4 118. Bg6 Rb4 119. Ka3 Rb8 120. Be4 Kd2 121. Ka4 Kc3 122. Ka5 Kc4 123. Bg6 Rb4 124. Bd3+ Kc5 125. Bc2 Rb2 126. Bd1 Ra2+ 127. Ba4 Ra1 0-1

[Event "Skopje op"]
[Site "Skopje"]
[Date "2023.12.08"]
[Round "3"]
[White "Asllani, Muhamet"]
[Black "Djurovic, Peko"]
[Result "1-0"]
[WhiteElo "2202"]
[BlackElo "2359"]
[PlyCount "39"]
[EventDate "2023.12.06"]
[EventType "swiss"]
[EventRounds "9"]
[EventCountry "MKD"]
[SourceTitle "CB50_2023"]
[SourceDate "2023.12.13"]
[SourceVersion "1"]
[SourceVersionDate "2023.12.13"]
[SourceQuality "1"]

1. d4 d5 2. c4 e6 3. Nc3 Nf6 4. Nf3 Be7 5. Bg5 0-0 6. e3 h6 7. Bh4 b6 8. Rc1 dxc4 9. Bxc4 Bb7 10. 0-0 Nbd7 11. Qe2 c5 12. Rfd1 Ne4 13. Bg3 Nxg3 14. hxg3 Bxf3 15. gxf3 cxd4 16. exd4 Nf6 17. d5 exd5 18. Nxd5 Bd6 19. Bb3 Bc5 20. Rxc5 1-0

[Event "Skopje op"]
[Site "Skopje"]
[Date "2023.12.08"]
[Round "4"]
[White "Tadic, Stefan"]
[Black "Asllani, Muhamet"]
[Result "1-0"]
[WhiteElo "2386"]
[BlackElo "2202"]
[PlyCount "91"]
[EventDate "2023.12.06"]
[EventType "swiss"]
[EventRounds "9"]
[EventCountry "MKD"]
[SourceTitle "CB50_2023"]
[SourceDate "2023.12.13"]
[SourceVersion "1"]
[SourceVersionDate "2023.12.13"]
[SourceQuality "1"]

1. d4 Nf6 2. Nf3 e6 3. Bf4 d5 4. e3 Bd6 5. Nbd2 0-0 6. Ne5 c5 7. c3 Nc6 8. Bd3 Qe7 9. h4 Qc7 10. Ndf3 Ne4 11. 0-0 f6 12. Nxc6 Bxf4 13. exf4 Qxc6 14. Re1 b6 15. Qe2 Bb7 16. Rad1 Rad8 17. Nd2 f5 18. Nf3 c4 19. Bb1 b5 20. Ne5 Qc7 21. f3 Ng3 22. Qf2 Nh5 23. g3 a5 24. Qh2 b4 25. Rf1 g6 26. g4 Nf6 27. h5 Qg7 28. hxg6 hxg6 29. gxf5 exf5 30. Kf2 Rd6 31. Rg1 Nd7 32. Nxg6 Rxg6 33. Rxg6 Qxg6 34. Rg1 Qxg1+ 35. Qxg1+ Kf7 36. Bxf5 Nf6 37. cxb4 axb4 38. Qe1 Bc8 39. Bxc8 Rxc8 40. Qxb4 Rh8 41. a4 Rh2+ 42. Kg1 Rc2 43. a5 Kg6 44. a6 c3 45. bxc3 Ra2 46. Qb1+ 1-0

[Event "EU-Cup 38th"]
[Site "Durres"]
[Date "2023.10.04"]
[Round "4.3"]
[White "Cahen, Alexis"]
[Black "Asllani, Muhamet"]
[Result "1-0"]
[WhiteElo "2049"]
[BlackElo "2228"]
[PlyCount "105"]
[EventDate "2023.10.01"]
[EventType "team-swiss"]
[EventRounds "7"]
[EventCountry "ALB"]
[SourceTitle "EXT 2024"]
[Source "ChessBase"]
[SourceDate "2023.10.10"]
[SourceVersion "1"]
[SourceVersionDate "2023.10.10"]
[SourceQuality "1"]
[WhiteTeam "Differdange"]
[BlackTeam "Drejtesia"]
[WhiteTeamCountry "LUX"]
[BlackTeamCountry "KOS"]

1. d4 Nf6 2. Nf3 d5 3. Bf4 c6 4. e3 Qb6 5. Qc1 Bf5 6. c4 Bxb1 7. Rxb1 e5 8. Nxe5 Bb4+ 9. Ke2 0-0 10. a3 Be7 11. c5 Qd8 12. f3 Nh5 13. Bg3 Nd7 14. Nxd7 Qxd7 15. Kf2 Rfe8 16. Bd3 Bg5 17. Re1 f5 18. Be5 f4 19. exf4 Bh4+ 20. Kg1 Bxe1 21. Qxe1 Nxf4 22. Bxh7+ Kxh7 23. Qh4+ Kg8 24. Qxf4 b6 25. b4 Re6 26. Qg4 Qf7 27. Re1 b5 28. f4 Rg6 29. Qh3 a5 30. bxa5 Rxa5 31. Bd6 Ra8 32. Re5 Qf6 33. Qe3 b4 34. f5 Rh6 35. Be7 Qf7 36. axb4 Ra1+ 37. Kf2 Rxh2 38. Kg3 Qh5 39. Qf3 Qh6 40. Re2 Rg1 41. Qg4 Rhh1 42. Bh4 Re1 43. Rxe1 Rxe1 44. Bg5 Qh7 45. Bf4 Kf7 46. b5 cxb5 47. c6 Re8 48. c7 b4 49. Be5 g5 50. Kf2 Ra8 51. Qxg5 Re8 52. Qf6+ Kg8 53. c8Q 1-0

[Event "IBCA EU-chT blind 03rd"]
[Site "Genova"]
[Date "2023.04.28"]
[Round "8.1"]
[White "Asllani, Muhamet"]
[Black "Eichstaedt, Mirko"]
[Result "1/2-1/2"]
[WhiteElo "2238"]
[BlackElo "2241"]
[PlyCount "97"]
[EventDate "2023.04.20"]
[EventType "team-swiss"]
[EventRounds "9"]
[EventCountry "ITA"]
[SourceTitle "CBM 213 Extra"]
[Source "ChessBase"]
[SourceDate "2023.05.31"]
[SourceVersion "1"]
[SourceVersionDate "2023.05.31"]
[SourceQuality "1"]
[WhiteTeam "Kosovo"]
[BlackTeam "Germany"]
[WhiteTeamCountry "KOS"]
[BlackTeamCountry "GER"]

1. e4 e5 2. Nf3 Nc6 3. d4 exd4 4. Bc4 Bc5 5. c3 Nf6 6. e5 d5 7. Bb5 Ne4 8. cxd4 Bb6 9. h3 Bd7 10. Be2 f6 11. 0-0 fxe5 12. dxe5 Be6 13. Nc3 Qd7 14. Nxe4 dxe4 15. Ng5 Nxe5 16. Nxe4 Qxd1 17. Rxd1 0-0 18. Be3 Bxe3 19. fxe3 Rae8 20. Rf1 Bc4 21. Rxf8+ Kxf8 22. Kf2 Bxe2 23. Kxe2 Nc4 24. Rf1+ Kg8 25. Rf4 Nxb2 26. Nc5 b5 27. Rb4 Nc4 28. Rxb5 Rxe3+ 29. Kf2 Ra3 30. Rb8+ Kf7 31. Rb7 Rxa2+ 32. Kf3 Ne5+ 33. Kg3 Rc2 34. Na6 g5 35. Rxa7 Ra2 36. Rxc7+ Kg6 37. Nb4 Rb2 38. Nc6 Nd3 39. Ne7+ Kf6 40. Nd5+ Ke6 41. Ne3 h5 42. h4 gxh4+ 43. Kxh4 Nf4 44. Rc6+ Kd7 45. Rc4 Nxg2+ 46. Nxg2 Rxg2 47. Kxh5 Ke6 48. Rg4 Rxg4 49. Kxg4 1/2-1/2

[Event "IBCA EU-chT blind 03rd"]
[Site "Genova"]
[Date "2023.04.27"]
[Round "7.1"]
[White "Pribeanu, Mihai Dacian"]
[Black "Asllani, Muhamet"]
[Result "1-0"]
[WhiteElo "2130"]
[BlackElo "2238"]
[PlyCount "73"]
[EventDate "2023.04.20"]
[EventType "team-swiss"]
[EventRounds "9"]
[EventCountry "ITA"]
[SourceTitle "CBM 213 Extra"]
[Source "ChessBase"]
[SourceDate "2023.05.31"]
[SourceVersion "1"]
[SourceVersionDate "2023.05.31"]
[SourceQuality "1"]
[WhiteTeam "Romania"]
[BlackTeam "Kosovo"]
[WhiteTeamCountry "ROU"]
[BlackTeamCountry "KOS"]

1. Nf3 d5 2. g3 Nf6 3. Bg2 Bf5 4. 0-0 c6 5. d3 e6 6. Nbd2 h6 7. b3 Be7 8. Bb2 0-0 9. c4 Nbd7 10. Rc1 a5 11. a3 Re8 12. Rc2 Qb6 13. Qa1 Bd6 14. Rfc1 e5 15. cxd5 cxd5 16. e4 Bh7 17. exd5 Bxd3 18. Nc4 Qa6 19. Nxd6 Qxd6 20. Rd2 e4 21. Nd4 Ne5 22. a4 Qxd5 23. Nb5 Nf3+ 24. Bxf3 exf3 25. Bxf6 gxf6 26. Rcd1 Re2 27. Rxd3 Qh5 28. Nd4 Re4 29. Nxf3 Ra6 30. Re1 Rxe1+ 31. Qxe1 Re6 32. Qd2 Kg7 33. h4 Rc6 34. Kg2 b6 35. Qf4 Re6 36. Rd8 Qc5 37. Qg4+ 1-0

[Event "IBCA EU-chT blind 03rd"]
[Site "Genova"]
[Date "2023.04.26"]
[Round "6.1"]
[White "Asllani, Muhamet"]
[Black "Casadei, Marco"]
[Result "0-1"]
[WhiteElo "2238"]
[BlackElo "1982"]
[PlyCount "88"]
[EventDate "2023.04.20"]
[EventType "team-swiss"]
[EventRounds "9"]
[EventCountry "ITA"]
[SourceTitle "CBM 213 Extra"]
[Source "ChessBase"]
[SourceDate "2023.05.31"]
[SourceVersion "1"]
[SourceVersionDate "2023.05.31"]
[SourceQuality "1"]
[WhiteTeam "Kosovo"]
[BlackTeam "Italy"]
[WhiteTeamCountry "KOS"]
[BlackTeamCountry "ITA"]

1. e4 c5 2. Nf3 d6 3. d4 cxd4 4. Nxd4 Nf6 5. Nc3 g6 6. Be2 Bg7 7. Be3 0-0 8. f3 Nc6 9. Qd2 d5 10. Bb5 Nxd4 11. Bxd4 dxe4 12. fxe4 Nxe4 13. Nxe4 Qxd4 14. Qxd4 Bxd4 15. 0-0-0 Be3+ 16. Kb1 Bf5 17. Ng3 Be6 18. Bd7 Bxd7 19. Rxd7 b6 20. Rxe7 Bg5 21. Re2 f5 22. c3 Rfe8 23. Rhe1 Kf7 24. Rxe8 Rxe8 25. Rxe8 Kxe8 26. Ne2 Kd7 27. Kc2 Kd6 28. Kd3 Bf6 29. a4 Be5 30. h3 g5 31. Nd4 Bxd4 32. Kxd4 h5 33. b4 h4 34. c4 g4 35. c5+ bxc5+ 36. bxc5+ Kc6 37. a5 gxh3 38. gxh3 f4 39. Ke4 Kxc5 40. Kxf4 Kb5 41. Kg4 Kxa5 42. Kxh4 Kb5 43. Kg5 a5 44. Kf4 a4 0-1

[Event "IBCA EU-chT blind 03rd"]
[Site "Genova"]
[Date "2023.04.23"]
[Round "4.1"]
[White "Cajzler, Hinko"]
[Black "Asllani, Muhamet"]
[Result "0-1"]
[WhiteElo "2030"]
[BlackElo "2238"]
[PlyCount "86"]
[EventDate "2023.04.20"]
[EventType "team-swiss"]
[EventRounds "9"]
[EventCountry "ITA"]
[SourceTitle "CBM 213 Extra"]
[Source "ChessBase"]
[SourceDate "2023.05.31"]
[SourceVersion "1"]
[SourceVersionDate "2023.05.31"]
[SourceQuality "1"]
[WhiteTeam "Croatia"]
[BlackTeam "Kosovo"]
[WhiteTeamCountry "CRO"]
[BlackTeamCountry "KOS"]

1. c4 e5 2. Nc3 Nc6 3. g3 Bc5 4. Bg2 Nf6 5. e3 d6 6. Nge2 0-0 7. h3 Bf5 8. d3 Re8 9. 0-0 a5 10. a3 h6 11. d4 Bb6 12. b3 exd4 13. Nxd4 Nxd4 14. exd4 c6 15. g4 Ne4 16. Bb2 Bh7 17. Re1 d5 18. Nxe4 Bxe4 19. f3 Bg6 20. Rxe8+ Qxe8 21. Qd2 Qd7 22. c5 Bc7 23. f4 f5 24. Bf3 Re8 25. Rf1 Qe7 26. Bc1 Qh4 27. Qg2 Bd8 28. Bd2 Bf6 29. Kh2 Bxd4 30. Bxa5 Bxc5 31. Bc7 Bxa3 32. Be5 Bf8 33. Rg1 fxg4 34. Bxg4 Be4 35. Qb2 Kh7 36. Bxg7 Bd6 37. Rf1 Qe7 38. Bf6 Qc7 39. h4 Bd3 40. Rf2 Bxf4+ 41. Kh3 Re3+ 42. Bf3 Qc8+ 43. Kg2 Qg8+ 0-1

[Event "EU-ch Blitz"]
[Site "Katowice"]
[Date "2022.12.16"]
[Round "15"]
[White "Aksionova, Tatiana"]
[Black "Asllani, Muhamet"]
[Result "1/2-1/2"]
[WhiteElo "2192"]
[BlackElo "2228"]
[PlyCount "82"]
[EventDate "2022.12.16"]
[EventType "swiss (blitz)"]
[EventRounds "22"]
[EventCountry "POL"]
[SourceTitle "CBM 211 Extra"]
[Source "ChessBase"]
[SourceDate "2023.01.31"]
[SourceVersion "1"]
[SourceVersionDate "2023.01.31"]
[SourceQuality "1"]

1. e4 e5 2. Nf3 Nc6 3. Bb5 Nf6 4. d3 Bc5 5. 0-0 d6 6. c3 0-0 7. h3 h6 8. Re1 Bb6 9. d4 exd4 10. cxd4 d5 11. e5 Ne4 12. Nc3 Bf5 13. Be3 a6 14. Ba4 Ba5 15. Rc1 b5 16. Bb3 Nxc3 17. bxc3 Qd7 18. Nh4 Be4 19. Qh5 Qe6 20. f3 Bg6 21. Nxg6 fxg6 22. Qg4 Qf7 23. Bf2 Rad8 24. Bg3 Rfe8 25. Re3 Ne7 26. e6 Qf6 27. Re5 c6 28. Bh4 g5 29. Bg3 Bc7 30. Re2 Bxg3 31. Qxg3 Nf5 32. Qe5 Re7 33. Rce1 Rd6 34. Bc2 Rdxe6 35. Qxf6 Rxe2 36. Qxf5 Rxe1+ 37. Kh2 R1e2 38. Qh7+ Kf7 39. Qg6+ Kg8 40. Qh7+ Kf7 41. Qg6+ Kg8 1/2-1/2

[Event "EU-ch Blitz"]
[Site "Katowice"]
[Date "2022.12.16"]
[Round "16"]
[White "Asllani, Muhamet"]
[Black "Aksionova, Tatiana"]
[Result "1-0"]
[WhiteElo "2228"]
[BlackElo "2192"]
[PlyCount "204"]
[EventDate "2022.12.16"]
[EventType "swiss (blitz)"]
[EventRounds "22"]
[EventCountry "POL"]
[SourceTitle "CBM 211 Extra"]
[Source "ChessBase"]
[SourceDate "2023.01.31"]
[SourceVersion "1"]
[SourceVersionDate "2023.01.31"]
[SourceQuality "1"]

1. e4 c5 2. Nf3 d6 3. d4 cxd4 4. Nxd4 Nf6 5. Nc3 g6 6. Bg5 Bg7 7. Qd2 Nc6 8. Nxc6 bxc6 9. Bc4 0-0 10. Bb3 a5 11. 0-0 Qc7 12. Rfe1 Rd8 13. Bh6 Bh8 14. Rad1 Ba6 15. f3 Nd7 16. Qf4 Ne5 17. h4 Bc4 18. h5 Bxb3 19. axb3 Bg7 20. Bxg7 Kxg7 21. h6+ Kg8 22. Rd2 Qb6+ 23. Kh1 Nd7 24. Red1 Qc5 25. Na4 Qh5+ 26. Kg1 Rab8 27. Qe3 Ne5 28. Qf4 Rf8 29. Nc3 f5 30. Re1 fxe4 31. Qxe4 Qxh6 32. Rde2 Rf4 33. Qe3 Rbf8 34. Rf2 Qh4 35. Ne2 R4f5 36. Nd4 Rh5 37. Kf1 Qg3 38. Ke2 Rh2 39. Rg1 Qf4 40. Qxf4 Rxf4 41. Ke3 Rf7 42. Ra1 c5 43. Ne6 Nc6 44. Ng5 Rf8 45. Ra4 h6 46. Ne4 Kg7 47. Nc3 e6 48. Ne4 Rd8 49. Rd2 Nd4 50. Rxa5 g5 51. Ra6 Kg6 52. Rxd6 Nf5+ 53. Kf2 Nxd6 54. Nxd6 e5 55. Rd3 h5 56. Rd2 Rh1 57. c3 Rb1 58. Ke3 g4 59. fxg4 hxg4 60. Kf2 Rf8+ 61. Kg3 Rf4 62. Nc4 Kf5 63. Re2 e4 64. Ne3+ Kg5 65. Rd2 Rf7 66. Rd5+ Kg6 67. Nxg4 Kg7 68. Rg5+ Kf8 69. Rxc5 Rxb2 70. b4 Rb3 71. Ne5 Rg7+ 72. Kf4 Rxg2 73. Kxe4 Rc2 74. Kd3 Rc1 75. Nc6 Ke8 76. Nd4 Rbb1 77. Kc4 Kd7 78. b5 Kd6 79. Rc6+ Kd7 80. Ne6 Rh1 81. Nc5+ Kd8 82. Ne6+ Kd7 83. Nc5+ Kd8 84. Ne6+ Kd7 85. Nd4 Rh5 86. Rg6 Kc7 87. Rg7+ Kb6 88. Rg6+ Kc7 89. Rc6+ Kb7 90. Rf6 Kc7 91. Ne6+ Kb7 92. Nc5+ Kc7 93. Rf7+ Kd6 94. Ne4+ Ke6 95. Rb7 Rh4 96. Kd3 Rh3+ 97. Kd4 Rd1+ 98. Kc4 Rh4 99. Rb6+ Kd7 100. Rb7+ Ke6 101. Rb6+ Kd7 102. Rb7+ Ke8 1-0

[Event "EU-ch Blitz"]
[Site "Katowice"]
[Date "2022.12.16"]
[Round "1"]
[White "Asllani, Muhamet"]
[Black "Derejczyk, Mateusz"]
[Result "1-0"]
[WhiteElo "2228"]
[BlackElo "1629"]
[PlyCount "95"]
[EventDate "2022.12.16"]
[EventType "swiss (blitz)"]
[EventRounds "22"]
[EventCountry "POL"]
[SourceTitle "CBM 211 Extra"]
[Source "ChessBase"]
[SourceDate "2023.01.31"]
[SourceVersion "1"]
[SourceVersionDate "2023.01.31"]
[SourceQuality "1"]

1. e4 c6 2. d4 d5 3. Nd2 dxe4 4. Nxe4 Bf5 5. Ng3 Bg6 6. Nf3 Nd7 7. h4 h6 8. h5 Bh7 9. Bc4 e6 10. c3 Ngf6 11. Bd3 Bxd3 12. Qxd3 Bd6 13. Bd2 Qc7 14. Ne2 0-0-0 15. 0-0-0 e5 16. dxe5 Nxe5 17. Nxe5 Bxe5 18. Qf5+ Kb8 19. Be3 Rhe8 20. Rxd8+ Rxd8 21. Re1 Nd5 22. Bd2 Bf6 23. g3 Qd7 24. Qf3 Ka8 25. Kb1 Nb6 26. Bxh6 gxh6 27. Qxf6 Qd3+ 28. Ka1 Qd2 29. Rb1 Re8 30. Nd4 Nd5 31. Qxf7 Rc8 32. Qd7 Rb8 33. Ne6 Qxf2 34. Qxd5 Qxg3 35. Qd7 a6 36. Nc7+ Ka7 37. Qd4+ b6 38. Ne6 c5 39. Qg7+ Qxg7 40. Nxg7 Rg8 41. Rg1 Kb7 42. a3 Kc6 43. Rg6+ Kb5 44. Nf5 Rd8 45. Nd6+ Ka4 46. Ka2 b5 47. b3+ Ka5 48. Nb7# 1-0

[Event "EU-ch Blitz"]
[Site "Katowice"]
[Date "2022.12.16"]
[Round "20"]
[White "Asllani, Muhamet"]
[Black "Kracht, Raphael"]
[Result "1-0"]
[WhiteElo "2228"]
[BlackElo "2124"]
[PlyCount "65"]
[EventDate "2022.12.16"]
[EventType "swiss (blitz)"]
[EventRounds "22"]
[EventCountry "POL"]
[SourceTitle "CBM 211 Extra"]
[Source "ChessBase"]
[SourceDate "2023.01.31"]
[SourceVersion "1"]
[SourceVersionDate "2023.01.31"]
[SourceQuality "1"]

1. b3 e5 2. Bb2 Nc6 3. e3 Nf6 4. c4 Be7 5. Nc3 0-0 6. d4 exd4 7. exd4 d5 8. c5 b6 9. cxb6 axb6 10. Bb5 Bb7 11. Nf3 Ba3 12. Bxa3 Re8+ 13. Ne5 Rxa3 14. 0-0 Re6 15. Re1 Ne7 16. Ba4 Nf5 17. Nb5 Rxa4 18. bxa4 c6 19. Nc3 c5 20. Nb5 Ne4 21. Rc1 Qh4 22. Qf3 Rh6 23. h3 g6 24. Ng4 Rh5 25. Qf4 Qd8 26. f3 Neg3 27. dxc5 bxc5 28. Rxc5 Qb6 29. Qb4 Kg7 30. a5 Qd8 31. Nd4 Bc8 32. Qc3 Kg8 33. Rxc8 1-0

[Event "EU-ch Blitz"]
[Site "Katowice"]
[Date "2022.12.16"]
[Round "9"]
[White "Asllani, Muhamet"]
[Black "Krainski, Aleksander"]
[Result "0-1"]
[WhiteElo "2228"]
[BlackElo "2046"]
[PlyCount "75"]
[EventDate "2022.12.16"]
[EventType "swiss (blitz)"]
[EventRounds "22"]
[EventCountry "POL"]
[SourceTitle "CBM 211 Extra"]
[Source "ChessBase"]
[SourceDate "2023.01.31"]
[SourceVersion "1"]
[SourceVersionDate "2023.01.31"]
[SourceQuality "1"]

1. e4 e5 2. Nf3 Nf6 3. d4 Nxe4 4. Nxe5 d5 5. Bd3 Be7 6. 0-0 0-0 7. c3 Nd7 8. Nf3 Bd6 9. h3 Re8 10. Re1 Ndf6 11. c4 c6 12. Nc3 Nxc3 13. bxc3 dxc4 14. Bxc4 Rxe1+ 15. Qxe1 Nd5 16. Bg5 Qf8 17. Rb1 h6 18. Bh4 b6 19. Bb3 Bf5 20. Rd1 Re8 21. Qd2 Bf4 22. Qb2 Be4 23. Nd2 Bg6 24. c4 Nb4 25. Qc3 a5 26. Nf3 Re2 27. a3 Na2 28. Bxa2 Rxa2 29. c5 bxc5 30. dxc5 Rc2 31. Qxa5 Qxc5 32. Re1 Rc1 33. Rxc1 Qxa5 34. Rxc6 Qxa3 35. Bg3 Bxg3 36. fxg3 Be4 37. Rc8+ Kh7 38. Rc4 0-1

[Event "EU-ch Blitz"]
[Site "Katowice"]
[Date "2022.12.16"]
[Round "21"]
[White "Asllani, Muhamet"]
[Black "Marn, Jan"]
[Result "0-1"]
[WhiteElo "2228"]
[BlackElo "2332"]
[PlyCount "112"]
[EventDate "2022.12.16"]
[EventType "swiss (blitz)"]
[EventRounds "22"]
[EventCountry "POL"]
[SourceTitle "CBM 211 Extra"]
[Source "ChessBase"]
[SourceDate "2023.01.31"]
[SourceVersion "1"]
[SourceVersionDate "2023.01.31"]
[SourceQuality "1"]

1. e4 e5 2. Nf3 Nc6 3. Bc4 Bc5 4. 0-0 Nf6 5. c3 Nxe4 6. d4 d5 7. dxc5 dxc4 8. Qe2 Qd3 9. Re1 Qxe2 10. Rxe2 Nxc5 11. Nxe5 Be6 12. Nxc6 bxc6 13. Bf4 Kd7 14. Na3 Rad8 15. Be3 Nd3 16. b3 cxb3 17. axb3 Kc8 18. c4 a6 19. Nc2 Kb7 20. Rd2 Ne5 21. f3 Rxd2 22. Bxd2 Rd8 23. Bc3 f6 24. Re1 Bf5 25. Nd4 Bc8 26. h3 c5 27. Nc2 Rd3 28. Bxe5 fxe5 29. Rxe5 Rxb3 30. Rxc5 Kb6 31. Re5 a5 32. Nd4 Rb1+ 33. Kh2 a4 34. Re8 Kb7 35. Nb5 Bd7 36. Re4 Bxb5 37. cxb5 Ra1 38. Rc4 a3 39. Ra4 Kb6 40. f4 Kxb5 41. Ra8 c5 42. g4 c4 43. f5 c3 44. Rc8 a2 45. Rb8+ Kc4 46. Rc8+ Kd3 47. Rd8+ Ke3 48. g5 Rh1+ 49. Kxh1 a1Q+ 50. Kg2 Qb2+ 51. Kg3 Qf2+ 52. Kg4 Qg2+ 53. Kh4 Qe4+ 54. Kh5 Qxf5 55. Re8+ Kd2 56. Rd8+ Kc2 0-1

[Event "EU-ch Blitz"]
[Site "Katowice"]
[Date "2022.12.16"]
[Round "10"]
[White "Krainski, Aleksander"]
[Black "Asllani, Muhamet"]
[Result "0-1"]
[WhiteElo "2046"]
[BlackElo "2228"]
[PlyCount "50"]
[EventDate "2022.12.16"]
[EventType "swiss (blitz)"]
[EventRounds "22"]
[EventCountry "POL"]
[SourceTitle "CBM 211 Extra"]
[Source "ChessBase"]
[SourceDate "2023.01.31"]
[SourceVersion "1"]
[SourceVersionDate "2023.01.31"]
[SourceQuality "1"]

1. d4 Nf6 2. Nf3 e6 3. e3 d5 4. Be2 c5 5. 0-0 Nc6 6. c4 a6 7. dxc5 Bxc5 8. Nc3 0-0 9. cxd5 exd5 10. b3 Re8 11. Bb2 Bg4 12. Rc1 Ba7 13. h3 Bh5 14. Na4 Ne4 15. Bd4 Nxd4 16. Nxd4 Bxe2 17. Nxe2 Qg5 18. Nd4 Rac8 19. Qg4 Qxg4 20. hxg4 b5 21. Nb2 Bc5 22. Nf5 g6 23. b4 Bxb4 24. Nd3 Rxc1 25. Rxc1 Ba3 0-1

[Event "EU-ch Blitz"]
[Site "Katowice"]
[Date "2022.12.16"]
[Round "18"]
[White "Krivenko, Dion"]
[Black "Asllani, Muhamet"]
[Result "0-1"]
[WhiteElo "2141"]
[BlackElo "2228"]
[PlyCount "42"]
[EventDate "2022.12.16"]
[EventType "swiss (blitz)"]
[EventRounds "22"]
[EventCountry "POL"]
[SourceTitle "CBM 211 Extra"]
[Source "ChessBase"]
[SourceDate "2023.01.31"]
[SourceVersion "1"]
[SourceVersionDate "2023.01.31"]
[SourceQuality "1"]

1. e4 d5 2. exd5 Qxd5 3. Nc3 Qa5 4. d4 c6 5. Bc4 Nf6 6. Bd2 Bg4 7. f3 Bh5 8. Qe2 e6 9. d5 cxd5 10. Nxd5 Qd8 11. Nf4 Nc6 12. 0-0-0 Be7 13. g4 Bg6 14. Bc3 Qc7 15. Nxg6 hxg6 16. Kb1 a6 17. h4 Rd8 18. Rxd8+ Kxd8 19. g5 Nh5 20. Qd2+ Kc8 21. Nh3 Ng3 0-1

[Event "KOS-ch"]
[Site "Pristina"]
[Date "2022.11.20"]
[Round "8"]
[White "Asllani, Muhamet"]
[Black "Topalli, Ismet"]
[Result "1-0"]
[WhiteElo "2250"]
[BlackElo "1845"]
[PlyCount "113"]
[EventDate "2022.11.11"]
[EventType "swiss"]
[EventRounds "9"]
[EventCountry "KOS"]
[SourceTitle "CBM 211 Extra"]
[Source "ChessBase"]
[SourceDate "2023.01.31"]
[SourceVersion "1"]
[SourceVersionDate "2023.01.31"]
[SourceQuality "1"]

1. e4 d5 2. exd5 Qxd5 3. Nc3 Qd8 4. d4 e6 5. Nf3 Nf6 6. Bg5 Be7 7. Qd2 a6 8. Bd3 Nc6 9. 0-0-0 Nb4 10. h4 Nxd3+ 11. Qxd3 c6 12. Ne5 Nd5 13. Bxe7 Qxe7 14. Ne4 f6 15. Nf3 Bd7 16. c4 Nc7 17. Rhe1 b5 18. c5 0-0 19. h5 f5 20. Nd6 Nd5 21. Ne5 Be8 22. Nxe8 Rfxe8 23. Nxc6 Qg5+ 24. Qd2 Qxh5 25. Ne5 f4 26. Qd3 Qf5 27. a3 Qxd3 28. Nxd3 a5 29. Re5 Rad8 30. Rde1 Nf6 31. Nxf4 Rxd4 32. Nxe6 Rc4+ 33. Kb1 b4 34. axb4 axb4 35. Ka2 Rg4 36. g3 b3+ 37. Kxb3 Rb8+ 38. Kc3 Rgb4 39. Nd4 Rxb2 40. R1e2 Rb1 41. c6 Ra1 42. Rb2 Rc8 43. Kd2 Ra4 44. Nf5 Kf8 45. Rc2 Rc7 46. f3 g6 47. Ne3 Rd4+ 48. Ke2 Rd6 49. Rec5 h6 50. g4 Kf7 51. Nc4 Rd5 52. Ne5+ Kg7 53. Rxd5 Nxd5 54. Rd2 Kf6 55. Rxd5 Re7 56. f4 g5 57. Rd6+ 1-0

[Event "Skopje op"]
[Site "Skopje"]
[Date "2022.10.24"]
[Round "6"]
[White "Asllani, Muhamet"]
[Black "Drazic, Sinisa"]
[Result "0-1"]
[WhiteElo "2207"]
[BlackElo "2355"]
[PlyCount "146"]
[EventDate "2022.10.21"]
[EventType "swiss"]
[EventRounds "9"]
[EventCountry "MKD"]
[SourceTitle "EXT 2024"]
[Source "ChessBase"]
[SourceDate "2023.10.10"]
[SourceVersion "1"]
[SourceVersionDate "2023.10.10"]
[SourceQuality "1"]

1. e4 Nc6 2. d4 d6 3. Bb5 a6 4. Ba4 b5 5. Bb3 Nf6 6. c3 e5 7. a4 Rb8 8. axb5 axb5 9. d5 Ne7 10. Qd3 Ng6 11. Ne2 Be7 12. 0-0 0-0 13. c4 b4 14. Ng3 Nd7 15. Be3 Bg5 16. Nd2 Bxe3 17. Qxe3 Nc5 18. Bc2 Nf4 19. Nb3 Nxb3 20. Bxb3 Qg5 21. Bd1 g6 22. Bf3 Bg4 23. Ra7 Rbc8 24. Bxg4 Qxg4 25. h3 Qg5 26. Rfa1 h5 27. Qf3 c6 28. dxc6 Rxc6 29. b3 Ne6 30. Ne2 Nc5 31. g3 Kg7 32. Ra8 Rxa8 33. Rxa8 Rc7 34. Ra2 f5 35. exf5 Qxf5 36. Kg2 Qxf3+ 37. Kxf3 Nxb3 38. Rb2 Na5 39. Rxb4 Rxc4 40. Rxc4 Nxc4 41. Ke4 Nb6 42. f4 Kf6 43. fxe5+ dxe5 44. Ng1 Nc4 45. g4 hxg4 46. hxg4 Ke6 47. Nf3 Nd6+ 48. Ke3 Kf6 49. Nd2 Kf7 50. Nf3 Ke6 51. Ng5+ Kd5 52. Nh7 Nc4+ 53. Kd3 e4+ 54. Kc3 Nd6 55. Nf8 g5 56. Nh7 Nf7 57. Kd2 Kd4 58. Ke2 e3 59. Nf6 Nd6 60. Ng8 Ne4 61. Nh6 Ng3+ 62. Ke1 Ke4 63. Ng8 Kf3 64. Nf6 Ne4 65. Nd5 Nf2 66. Nb4 Nxg4 67. Nd3 Nf2 68. Ne5+ Ke4 69. Nc4 Nd3+ 70. Ke2 Nf4+ 71. Ke1 g4 72. Nd6+ Kf3 73. Nc4 Ng2+ 0-1